<?xml version="1.0" encoding="UTF-8"?>
<record
    xmlns:xsi="http://www.w3.org/2001/XMLSchema-instance"
    xsi:schemaLocation="http://www.loc.gov/MARC21/slim http://www.loc.gov/standards/marcxml/schema/MARC21slim.xsd"
    xmlns="http://www.loc.gov/MARC21/slim">

  <leader>00699nam a22001577a 4500</leader>
  <controlfield tag="003">OSt</controlfield>
  <controlfield tag="005">20151223143114.0</controlfield>
  <controlfield tag="008">151223b        xxu||||| |||| 00| 0 eng d</controlfield>
  <datafield tag="040" ind1=" " ind2=" ">
    <subfield code="c">RUA</subfield>
  </datafield>
  <datafield tag="082" ind1=" " ind2=" ">
    <subfield code="a">AED SOK 2012 B260 Or.1</subfield>
  </datafield>
  <datafield tag="100" ind1=" " ind2=" ">
    <subfield code="9">5439</subfield>
    <subfield code="a">SOK,,EKUDOM.</subfield>
  </datafield>
  <datafield tag="245" ind1=" " ind2=" ">
    <subfield code="a">sulfur-fertilizer efficiency on rice production in trea commune, samrong district, takeo province, &#x1794;&#x17D2;&#x179A;&#x179F;&#x17B7;&#x1791;&#x17D2;&#x1792;&#x1797;&#x17B6;&#x1796;&#x1793;&#x17C3;&#x1780;&#x17B6;&#x179A;&#x1794;&#x17D2;&#x179A;&#x17BE;&#x1794;&#x17D2;&#x179A;&#x17B6;&#x179F;&#x17CB;&#x1787;&#x17B8;&#x179F;&#x17D2;&#x1796;&#x17B6;&#x1793;&#x17CB;&#x1792;&#x17D0;&#x179A;&#x179B;&#x17BE;&#x178A;&#x17C6;&#x178E;&#x17B6;&#x17C6;&#x179F;&#x17D2;&#x179A;&#x17BC;&#x179C; &#x1793;&#x17C5;&#x1783;&#x17BB;&#x17C6;&#x1791;&#x17D2;&#x179A;&#x17B6; &#x179F;&#x17D2;&#x179A;&#x17BB;&#x1780;&#x179F;&#x17C6;&#x179A;&#x17C4;&#x1784; &#x1781;&#x17C1;&#x178F;&#x17D2;&#x178F;&#x178F;&#x17B6;&#x1780;&#x17C2;&#x179C;</subfield>
  </datafield>
  <datafield tag="260" ind1=" " ind2=" ">
    <subfield code="a">Phnom Penh</subfield>
    <subfield code="b">RUA</subfield>
    <subfield code="c">2012</subfield>
  </datafield>
  <datafield tag="300" ind1=" " ind2=" ">
    <subfield code="a">ix, 41p.</subfield>
    <subfield code="b">ill.</subfield>
    <subfield code="c">29cm.</subfield>
  </datafield>
  <datafield tag="942" ind1=" " ind2=" ">
    <subfield code="2">ddc</subfield>
    <subfield code="c">AED</subfield>
  </datafield>
  <datafield tag="999" ind1=" " ind2=" ">
    <subfield code="c">5062</subfield>
    <subfield code="d">5062</subfield>
  </datafield>
  <datafield tag="952" ind1=" " ind2=" ">
    <subfield code="0">0</subfield>
    <subfield code="1">0</subfield>
    <subfield code="2">ddc</subfield>
    <subfield code="4">0</subfield>
    <subfield code="6">AED_SOK_2012_000000000000000_B260_OR_1</subfield>
    <subfield code="7">0</subfield>
    <subfield code="9">26754</subfield>
    <subfield code="a">LBB</subfield>
    <subfield code="b">LBB</subfield>
    <subfield code="c">B260</subfield>
    <subfield code="d">2015-12-23</subfield>
    <subfield code="o">AED SOK 2012 B260 Or.1</subfield>
    <subfield code="p">RUA032272</subfield>
    <subfield code="r">2015-12-23</subfield>
    <subfield code="w">2015-12-23</subfield>
    <subfield code="y">AED</subfield>
  </datafield>
  <datafield tag="952" ind1=" " ind2=" ">
    <subfield code="0">0</subfield>
    <subfield code="1">0</subfield>
    <subfield code="2">ddc</subfield>
    <subfield code="4">0</subfield>
    <subfield code="6">AED_SOK_2012_000000000000000_B260_OR_2</subfield>
    <subfield code="7">0</subfield>
    <subfield code="9">26755</subfield>
    <subfield code="a">LBB</subfield>
    <subfield code="b">LBB</subfield>
    <subfield code="c">B260</subfield>
    <subfield code="d">2015-12-23</subfield>
    <subfield code="o">AED SOK 2012 B260 Or.2</subfield>
    <subfield code="p">RUA032320</subfield>
    <subfield code="r">2015-12-23</subfield>
    <subfield code="w">2015-12-23</subfield>
    <subfield code="y">AED</subfield>
  </datafield>
  <datafield tag="952" ind1=" " ind2=" ">
    <subfield code="0">0</subfield>
    <subfield code="1">0</subfield>
    <subfield code="2">ddc</subfield>
    <subfield code="4">0</subfield>
    <subfield code="6">AED_SOK_2012_000000000000000_B260_OR_3</subfield>
    <subfield code="7">0</subfield>
    <subfield code="9">26756</subfield>
    <subfield code="a">LBB</subfield>
    <subfield code="b">LBB</subfield>
    <subfield code="c">B260</subfield>
    <subfield code="d">2015-12-23</subfield>
    <subfield code="o">AED SOK 2012 B260 Or.3</subfield>
    <subfield code="p">RUA032366</subfield>
    <subfield code="r">2015-12-23</subfield>
    <subfield code="w">2015-12-23</subfield>
    <subfield code="y">AED</subfield>
  </datafield>
  <datafield tag="952" ind1=" " ind2=" ">
    <subfield code="0">0</subfield>
    <subfield code="1">0</subfield>
    <subfield code="2">ddc</subfield>
    <subfield code="4">0</subfield>
    <subfield code="6">AED_SOK_2012_000000000000000_B260_OR_4</subfield>
    <subfield code="7">0</subfield>
    <subfield code="9">26757</subfield>
    <subfield code="a">LBB</subfield>
    <subfield code="b">LBB</subfield>
    <subfield code="c">B260</subfield>
    <subfield code="d">2015-12-23</subfield>
    <subfield code="l">2</subfield>
    <subfield code="o">AED SOK 2012 B260 Or.4</subfield>
    <subfield code="p">RUA032178</subfield>
    <subfield code="r">2024-01-02</subfield>
    <subfield code="s">2023-12-26</subfield>
    <subfield code="w">2015-12-23</subfield>
    <subfield code="y">AED</subfield>
  </datafield>
  <datafield tag="952" ind1=" " ind2=" ">
    <subfield code="0">0</subfield>
    <subfield code="1">0</subfield>
    <subfield code="2">ddc</subfield>
    <subfield code="4">0</subfield>
    <subfield code="6">AED_SOK_2012_000000000000000_B260_OR_5</subfield>
    <subfield code="7">0</subfield>
    <subfield code="9">26758</subfield>
    <subfield code="a">LBB</subfield>
    <subfield code="b">LBB</subfield>
    <subfield code="c">B260</subfield>
    <subfield code="d">2015-12-23</subfield>
    <subfield code="o">AED SOK 2012 B260 Or.5</subfield>
    <subfield code="p">RUA032082</subfield>
    <subfield code="r">2015-12-23</subfield>
    <subfield code="w">2015-12-23</subfield>
    <subfield code="y">AED</subfield>
  </datafield>
  <datafield tag="952" ind1=" " ind2=" ">
    <subfield code="0">0</subfield>
    <subfield code="1">0</subfield>
    <subfield code="2">ddc</subfield>
    <subfield code="4">0</subfield>
    <subfield code="6">AED_SOK_2012_000000000000000_B260_OR_6</subfield>
    <subfield code="7">0</subfield>
    <subfield code="9">26759</subfield>
    <subfield code="a">LBB</subfield>
    <subfield code="b">LBB</subfield>
    <subfield code="c">B260</subfield>
    <subfield code="d">2015-12-23</subfield>
    <subfield code="o">AED SOK 2012 B260 Or.6</subfield>
    <subfield code="p">RUA032142</subfield>
    <subfield code="r">2015-12-23</subfield>
    <subfield code="w">2015-12-23</subfield>
    <subfield code="y">AED</subfield>
  </datafield>
  <datafield tag="952" ind1=" " ind2=" ">
    <subfield code="0">0</subfield>
    <subfield code="1">0</subfield>
    <subfield code="2">ddc</subfield>
    <subfield code="4">0</subfield>
    <subfield code="6">AED_SOK_2012_000000000000000_B260_OR_7</subfield>
    <subfield code="7">0</subfield>
    <subfield code="9">26760</subfield>
    <subfield code="a">LBB</subfield>
    <subfield code="b">LBB</subfield>
    <subfield code="c">B260</subfield>
    <subfield code="d">2015-12-23</subfield>
    <subfield code="o">AED SOK 2012 B260 Or.7</subfield>
    <subfield code="p">RUA032132</subfield>
    <subfield code="r">2015-12-23</subfield>
    <subfield code="w">2015-12-23</subfield>
    <subfield code="y">AED</subfield>
  </datafield>
  <datafield tag="952" ind1=" " ind2=" ">
    <subfield code="0">0</subfield>
    <subfield code="1">0</subfield>
    <subfield code="2">ddc</subfield>
    <subfield code="4">0</subfield>
    <subfield code="6">AED_SOK_2012_000000000000000_B260_OR_8</subfield>
    <subfield code="7">0</subfield>
    <subfield code="9">26761</subfield>
    <subfield code="a">LBB</subfield>
    <subfield code="b">LBB</subfield>
    <subfield code="c">B260</subfield>
    <subfield code="d">2015-12-23</subfield>
    <subfield code="l">1</subfield>
    <subfield code="o">AED SOK 2012 B260 Or.8</subfield>
    <subfield code="p">RUA032363</subfield>
    <subfield code="r">2017-08-15</subfield>
    <subfield code="s">2017-08-02</subfield>
    <subfield code="w">2015-12-23</subfield>
    <subfield code="y">AED</subfield>
  </datafield>
</record>
